000
00304nam a22001337a 4500
008
260218b ||||| |||| 00| 0 eng d
020
_a
9789951440172
041
_a
Shqip
080
_a
2.1
100
_a
20.1
101
_a
Roman
245
_a
Dritë për Atdheun
_c
Sefedin Përgjegjaj
942
_2
lcc
_c
BK
999
_c
60814
_d
60814